| 000 | 00688nam a22001577a 4500 | ||
|---|---|---|---|
| 003 | OSt | ||
| 005 | 20151021134228.0 | ||
| 008 | 151021b xxu||||| |||| 00| 0 eng d | ||
| 040 | _cRUA | ||
| 082 | _aAVM MOM 2010 B096 Or.1 | ||
| 100 |
_92631 _aMOM, SOKHOM. |
||
| 245 | _aEffect of sulfa mid and antibiotics to treatment piglet's diarrhea at CP croup praek samrong, ប្រសិទ្ធភាពsulfamid និង antibiotics សំរាប់ព្យាបាលជំងឺរាកកូនជ្រូក នៅក្រុមហ៊ុនស៊ីភី ព្រែកសំរោង | ||
| 260 |
_aPhnom Penh _bRUA _c2010 |
||
| 300 |
_aix; 40p. _bill. _c29cm. |
||
| 942 |
_2ddc _cAVM |
||
| 999 |
_c2470 _d2470 |
||